LEADER 00852nam a2200181 i 4500 001 000000256952 003 CaOOAMICUS 005 20180119000000.0 008 180119s1849 xx u000 u lat u 013 $a235860 040 $aSeMil$bita 245 10$aTomus 7. 300 $a669 p. 773 0 $aPouget, François Aimé <1666-1723>$tInstitutiones catholicae in modum catecheseos in quibus quidquid ad religionis historiam et Ecclesiae dogmata, mores, sacramenta, preces, usus et caeremonias pertinet, totum id brevi compendio ex sacris fontibus scripturae et traditionis explanatur.$dCasaljmaiore : Ex Officina Bizzarriana, 1846-1849.$g7$w()5737 850 $aSeMil 852 $aSeMil$W1$xVenegono$y1$m2D IV 7 FA$j207298$B207298$CSeMilBibl$Z2$F220813 $8I 961 $aOmaggio: Collegio Volta 996 $6245$aTomus 7$9(OLS)http://semarc/title/308135 LEADER 01145nam a2200229 i 4500 001 000000071353 003 CaOOAMICUS 005 20081119000000.0 008 081119s1907 it u000 u ita u 013 $a42525 040 $aSeMil$bita 100 1 $aCanella, Giulio.$0(OLS)http://semarc/name/2246 245 13$aIl nominalismo e Guglielmo d'Occam :$bstudio critico di storia della filosofia medievale (9. a 14. secolo) /$cGiulio Canella. 260 $aFirenze :$bLibreria editrice fiorentina,$c1907. 300 $aXIV, 240 p. ;$c25 cm. 600 04$aGuglielmo : di Ockham .$0(OLS)http://semarc/subject/2945 650 4$aFilosofia medievale - Storia - Sec. 9.-14.$0(OLS)http://semarc/subject/14281 650 4$aNominalismo - Filosofia.$0(OLS)http://semarc/subject/12760 850 $aSeMil 852 $aSeMil$W1$xVenegono$y1$m2P IV 40$j37506$B37506$CSeMilBibl$Z2$F37509 $81 996 $6245$aIl nominalismo e Guglielmo d'Occam :$bstudio critico di storia della filosofia medievale (9. a 14. secolo)$9(OLS)http://semarc/title/114748 996 $6260$aFirenze :$bLibreria editrice fiorentina$9(OLS)http://semarc/publisher/29690